[Event "POL-ch sf"]
[Site "Karpacz"]
[Date "2023.12.12"]
[Round "9"]
[White "Tyszecki, Aliaksandr"]
[Black "Rychlik, Michal"]
[Result "0-1"]
[WhiteElo "1782"]
[BlackElo "1718"]
[PlyCount "60"]
[EventDate "2023.12.04"]
[EventType "swiss"]
[EventRounds "9"]
[EventCountry "POL"]
[SourceTitle "EXT 2025"]
[Source "ChessBase"]
[SourceDate "2024.10.14"]
[SourceVersion "1"]
[SourceVersionDate "2024.10.14"]
[SourceQuality "1"]

1. Nf3 Nf6 2. c4 g6 3. Nc3 Bg7 4. d4 0-0 5. e4 d6 6. h3 e5 7. d5 a5 8. g4 Na6 9. Be3 Nc5 10. Nd2 Nfd7 11. Qf3 Nb6 12. 0-0-0 Bd7 13. h4 f5 14. gxf5 gxf5 15. Rg1 Kh8 16. Bg5 Qe8 17. exf5 Bxf5 18. Qe3 e4 19. Rg3 c6 20. Be2 cxd5 21. cxd5 Rc8 22. Rdg1 Nca4 23. Be7 Qxe7 24. Rxg7 Qf6 25. Ndxe4 Nxc3 26. Rg8+ Rxg8 27. Rxg8+ Rxg8 28. Nxf6 Rg1+ 29. Bf1 Rxf1+ 30. Kd2 Nc4+ 0-1

[Event "POL-ch sf"]
[Site "Karpacz"]
[Date "2023.12.05"]
[Round "2"]
[White "Tyszecki, Aliaksandr"]
[Black "Bartodziej, Bartosz"]
[Result "0-1"]
[WhiteElo "1782"]
[BlackElo "1926"]
[PlyCount "100"]
[EventDate "2023.12.04"]
[EventType "swiss"]
[EventRounds "9"]
[EventCountry "POL"]
[SourceTitle "CBM 217 Extra"]
[Source "ChessBase"]
[SourceDate "2024.01.31"]
[SourceVersion "1"]
[SourceVersionDate "2024.01.31"]
[SourceQuality "1"]

1. Nf3 Nf6 2. d4 e6 3. Bf4 c5 4. e3 d5 5. c3 Bd6 6. Ne5 0-0 7. Nd2 Qc7 8. Ndf3 Nh5 9. dxc5 Bxc5 10. Ng6 Nxf4 11. Nxf4 Rd8 12. Be2 Nc6 13. 0-0 Ne7 14. Nh5 e5 15. Re1 f5 16. Ng3 f4 17. exf4 exf4 18. Nh1 Nc6 19. a3 Bf5 20. Bd3 Bxd3 21. Qxd3 Be7 22. Qf5 Bf6 23. g3 d4 24. cxd4 Nxd4 25. Nxd4 Bxd4 26. gxf4 Qf7 27. Ng3 Rf8 28. Qxf7+ Rxf7 29. f5 Bxb2 30. Ra2 Bd4 31. Re4 Bb6 32. Kg2 Raf8 33. f4 g6 34. fxg6 hxg6 35. Re6 Kg7 36. f5 gxf5 37. Rd2 f4 38. Nh5+ Kh8 39. Kf3 Rh7 40. Rd5 Bc7 41. Rg6 Bd8 42. Rgd6 Be7 43. Rg6 Bxa3 44. Nf6 Rxh2 45. Rd7 Bb2 46. Nd5 Rh3+ 47. Ke4 f3 48. Ne3 f2 49. Re6 Rxe3+ 50. Kxe3 Bc1+ 0-1

[Event "Wroclaw Anderssen Memorial op-B"]
[Site "Wroclaw"]
[Date "2023.??.??"]
[Round "6"]
[White "Tyszecki, Aliaksandr"]
[Black "Mocko, Maciej"]
[Result "0-1"]
[WhiteElo "1749"]
[BlackElo "1682"]
[PlyCount "70"]
[EventDate "2023.08.06"]
[EventType "swiss"]
[EventRounds "9"]
[EventCountry "POL"]
[SourceTitle "EXT 2024"]
[Source "ChessBase"]
[SourceDate "2023.10.10"]
[SourceVersion "1"]
[SourceVersionDate "2023.10.10"]
[SourceQuality "1"]

1. d4 c5 2. e3 d5 3. c3 Nc6 4. dxc5 e6 5. b4 a5 6. Bb5 Bd7 7. a4 axb4 8. Bxc6 Bxc6 9. cxb4 b6 10. Bb2 bxc5 11. b5 Bd7 12. Nf3 Nf6 13. 0-0 Bd6 14. Nbd2 0-0 15. Qc2 Qe7 16. Be5 Bxe5 17. Nxe5 Qd6 18. Nef3 e5 19. e4 Be6 20. exd5 Bxd5 21. Nc4 Bxc4 22. Qxc4 e4 23. Ng5 Qe5 24. Qc1 Rfd8 25. Nh3 Nd5 26. Qxc5 Rac8 27. Qa3 Rc3 28. Qb2 h6 29. Qe2 Rxh3 30. gxh3 Nf4 31. Qg4 h5 32. Qh4 g5 33. Qg3 Ne2+ 34. Kg2 Nxg3 35. hxg3 h4 0-1

[Event "POL-chT U20 2nd League"]
[Site "Sypniewo"]
[Date "2020.??.??"]
[Round "3.50"]
[White "Tyszecki, Aliaksandr"]
[Black "Labedz, Dawid"]
[Result "1-0"]
[WhiteElo "1456"]
[BlackElo "1532"]
[PlyCount "145"]
[EventDate "2020.10.23"]
[EventType "team-swiss"]
[EventRounds "9"]
[EventCountry "POL"]
[SourceTitle "CBM 199 Extra"]
[Source "ChessBase"]
[SourceDate "2021.01.31"]
[SourceVersion "1"]
[SourceVersionDate "2021.01.31"]
[SourceQuality "1"]

1. d4 Nf6 2. Nf3 e6 3. Bf4 c5 4. e3 Nc6 5. c3 d5 6. Bd3 Bd6 7. Bg3 0-0 8. Nbd2 b6 9. Ne5 Ne7 10. 0-0 Bb7 11. Ndf3 h6 12. Bh4 Ne4 13. Nd2 Qc7 14. Bxe7 Bxe7 15. Qc2 f5 16. Ng6 Rfd8 17. Nxe7+ Qxe7 18. Nf3 Ng5 19. Ne5 Nf7 20. f4 Nxe5 21. fxe5 Bc6 22. Rf4 c4 23. Be2 g5 24. Rf2 Qh7 25. g4 Bd7 26. Raf1 Rf8 27. gxf5 Rxf5 28. Bg4 Rxf2 29. Qxh7+ Kxh7 30. Rxf2 Rg8 31. Kg2 Kg7 32. Rf6 Re8 33. Kg3 b5 34. Bh5 Re7 35. Kg4 Kh7 36. Bg6+ Kg7 37. Kh5 a5 38. Bc2 Be8+ 39. Bg6 Bc6 40. a3 Bd7 41. h3 Bc6 42. h4 gxh4 43. Kxh4 b4 44. axb4 axb4 45. Kh5 Ba4 46. e4 bxc3 47. bxc3 dxe4 48. Bxe4 Bd1+ 49. Kh4 Rf7 50. Rxf7+ Kxf7 51. Bc6 Kg6 52. Be4+ Kg7 53. Bg2 Ba4 54. Bf1 Bb5 55. Bh3 Kf7 56. Kh5 Ba4 57. Kxh6 Bc2 58. Bf1 Bd3 59. Bg2 Bc2 60. Bf3 Bd3 61. Bh5+ Ke7 62. Bg6 Be2 63. Kg5 Bd3 64. Bh5 Be4 65. Kf4 Bd3 66. Ke3 Bc2 67. Kd2 Be4 68. Ke3 Bc2 69. Be2 Bb3 70. Kd2 Kf7 71. Bd1 Ba2 72. Kc1 Kg6 73. Kb2 1-0